| 000 | 00537nam a2200169Ia 4500 | ||
|---|---|---|---|
| 008 | 231217s9999 xx 000 0 und d | ||
| 041 | _aEnglish | ||
| 082 | _a621.31 NIS | ||
| 100 | _aNisha, K Krishna, L G | ||
| 245 | 0 | _aElectrical sciences : common for I and II sem. BE, students of all branches of all the universities of Karnataka | |
| 250 | _a1st ed. | ||
| 260 |
_c1996 _bKumar and Kumar _aBangalore |
||
| 300 | _a166 | ||
| 400 | _aKumar series | ||
| 650 | _aElectrical,sciences,:,common,II,sem.,BE,,karnataka | ||
| 942 | _cAA | ||
| 999 |
_c173124 _d173124 |
||